000 00330nam a22001337a 4500
008 190226b xxu||||| |||| 00| 0 eng d
020 _a9781567512021
041 _aeng
080 _a321
100 _a19
101 _aSHP
245 _aThe Common Courage Reader. Essays for an informed Democracy
_cGriffith, K
942 _2udc
_cBK
999 _c54283
_d54283